|
|
|
|
| LEADER |
00944nam a2200229 a 4500 |
| 001 |
3704736 |
| 008 |
091205s1971 nyua bs 000 0 eng d |
| 010 |
|
|
|a \\\79150460
|
| 040 |
|
|
|a DLC
|c DLC
|d DLC
|
| 082 |
0 |
0 |
|a 332.4/08
|2 18
|
| 100 |
1 |
|
|a Gibson, William E.
|q (William Edward),
|d 1944-
|e comp.
|
| 245 |
1 |
0 |
|a Monetary economics:
|b readings on current issues /
|c by William E. Gibson and George G. Kaufman.
|
| 260 |
|
|
|a New York :
|b McGraw-Hill,
|c 1971.
|
| 300 |
|
|
|a xiv, 509 p. :
|b illus. ;
|c 26 cm.
|
| 504 |
|
|
|a Includes bibliographical references.
|
| 541 |
1 |
|
|e 00000074
|
| 650 |
|
0 |
|a Money.
|
| 650 |
|
0 |
|a Monetary policy.
|
| 700 |
1 |
|
|a Kaufman, George G.,
|e joint comp.
|
| 852 |
4 |
|
|a Ayesha Abed Library
|j General shelf
|
| 999 |
|
|
|c 5970
|d 5970
|
| 952 |
|
|
|0 0
|1 0
|2 ddc
|4 0
|6 332_408000000000000_GIB_1971
|7 0
|9 5954
|a BRACUL
|b BRACUL
|c GEN
|d 2009-12-07
|g 0.00
|l 1
|o 332.408 GIB
|p 3010000074
|r 2019-10-23
|s 2019-10-20
|t 1
|w 2009-12-07
|y BK
|x No price found in the accession register.
|